LEADER 04110nam 2200769Ia 450 001 9910783212203321 005 20230617015843.0 010 $a1-280-26679-1 010 $a9786610266791 010 $a1-4237-1006-1 010 $a1-84642-036-9 035 $a(CKB)1000000000032600 035 $a(EBL)290592 035 $a(OCoLC)84375758 035 $a(SSID)ssj0000125679 035 $a(PQKBManifestationID)11144428 035 $a(PQKBTitleCode)TC0000125679 035 $a(PQKBWorkID)10026759 035 $a(PQKB)10342386 035 $a(DNLM)101214822 035 $a(MiAaPQ)EBC290592 035 $a(Au-PeEL)EBL290592 035 $a(CaPaEBR)ebr10082291 035 $a(CaONFJC)MIL26679 035 $a(EXLCZ)991000000000032600 100 $a20040421d2004 uy 0 101 0 $aeng 135 $aurcn||||||||| 181 $ctxt 182 $cc 183 $acr 200 10$aCommunicating partners$b[electronic resource] $e30 years of building responsive relationships with late-talking children including autism, Asperger's syndrome (ASD), Down syndrome, and typical development developmental guides for professionals and parents /$fJames D. MacDonald 205 $a1st American pbk. ed. 210 $aPhiladelphia $cJessica Kingsley Publishers$dc2004 215 $a1 online resource (338 p.) 300 $aDescription based upon print version of record. 311 $a1-84985-577-3 311 $a1-84310-758-9 320 $aIncludes bibliographical references and index. 327 $aCommunicating Partners; Contents; Preface; Introduction; Part 1 Introduction to the Model; 1 The 30-Year Journey with 1000 Children: How Communicating Partners Came About; 2 Guiding Principles; 3 Key Features of Communicating Partners and Contrasts with Traditional Approaches to Autism and Other Language Disorders; 4 Examples of Children Studied for this Book; 5 Theoretical Foundations for Communicating Partners; 6 Basic Components of Communicating Partners: Five Developmental Stages and Five Relationship Strategies; Part 2 Five Stages of Communication 327 $a7 Interaction: The First Stage in Learning to Communicate 8 Nonverbal Communication: The Second Stage in Learning to Communicate; 9 Social Language: The Third Stage in Learning to Communicate; 10 Conversation: The Fourth Stage in Learning to Communicate; 11 Civil Behavior: The Fifth Stage in Learning to Communicate; Part 3 Following Your Child's Development from Isolation to Civil Conversation; 12 The Adult-Child Relationship Map for Assessment and Planning; 13 The Environment Form; Appendix: Research Support for Communicating Partners; References; Subject Index; Author Index 330 $aThe program focuses on five key stages of communication development - interactive play, nonverbal communication, social language, conversation, and civil behaviour - and five life-long responsive strategies to use every day to build relationships within the child's own world. 606 $aAsperger's syndrome$xPatients$xLanguage 606 $aAutistic children$xLanguage 606 $aCommunicative disorders in children$xTreatment 606 $aDevelopmentally disabled children$xLanguage 606 $aDown syndrome$xPatients$xLanguage 606 $aLanguage acquisition$xParent participation 606 $aLanguage disorders in children$xTreatment 606 $aParent and child 615 0$aAsperger's syndrome$xPatients$xLanguage. 615 0$aAutistic children$xLanguage. 615 0$aCommunicative disorders in children$xTreatment. 615 0$aDevelopmentally disabled children$xLanguage. 615 0$aDown syndrome$xPatients$xLanguage. 615 0$aLanguage acquisition$xParent participation. 615 0$aLanguage disorders in children$xTreatment. 615 0$aParent and child. 676 $a618.92/85506 700 $aMacDonald$b James D$g(James David),$f1940-$01468539 801 0$bMiAaPQ 801 1$bMiAaPQ 801 2$bMiAaPQ 906 $aBOOK 912 $a9910783212203321 996 $aCommunicating partners$93679819 997 $aUNINA LEADER 01559nam0 22003733i 450 001 VAN00294089 005 20250604074936.736 017 70$2N$a9783030926168 100 $a20250604d2022 |0itac50 ba 101 $aeng 102 $aCH 105 $a|||| ||||| 181 $ai$b e 182 $ab 183 $acr 200 1 $aˆThe ‰Immunogenetics of Dermatologic Diseases$fNima Rezaei, Fateme Rajabi editors 210 $aCham$cSpringer$d2022 215 $aXXI, 450 p.$cill.$d24 cm 410 1$1001VAN00064096$12001 $aAdvances in Experimental Medicine and Biology$1210 $aNew York$cPlenum$d2003-$v1367 620 $aCH$dCham$3VANL001889 676 $a576.5$cGenetica$v22 676 $a616.079$cImmunologia$v22 676 $a616.5$cDermatologia$v22 702 1$aRajabi$bFateme$3VANV249972 702 1$aRezaei$bNima$3VANV085962 712 $aSpringer $3VANV108073$4650 801 $aIT$bSOL$c20250606$gRICA 856 4 $uhttps://link.springer.com/book/10.1007/978-3-030-92616-8$zE-book - Accesso al full-text attraverso riconoscimento IP di Ateneo, proxy e/o Shibboleth 899 $aBIBLIOTECA DEL DIPARTIMENTO DI SCIENZE E TECNOLOGIE AMBIENTALI BIOLOGICHE E FARMACEUTICHE$1IT-CE0101$2VAN17 912 $fN 912 $aVAN00294089 950 $aBIBLIOTECA DEL DIPARTIMENTO DI SCIENZE E TECNOLOGIE AMBIENTALI BIOLOGICHE E FARMACEUTICHE$d17CONS e-book 2396 $e17BIB2396/157 157 20250604 996 $aImmunogenetics of Dermatologic Diseases$94384052 997 $aUNICAMPANIA